| 000 | 00780nam a2200217 a 4500 | ||
|---|---|---|---|
| 001 | 4008 | ||
| 005 | 20140414132038.0 | ||
| 008 | 040128s19uu xx 00 eng d | ||
| 020 | _a0-590-47304-2 | ||
| 050 |
_aTR _bW872 1991 |
||
| 100 | _aZubizarreta, Rosalma | ||
| 245 |
_aThe woman who outshone the sun : _cRosalma Zubizarreta, et al. ; Pictures by Fernando Olivera. _bthe legend of Lucia Zenteno / |
||
| 260 |
_aNew York : _bScholastic, _c1991. |
||
| 300 | _a30 p. : ill. ; cm. | ||
| 500 | _aTR/PS | ||
| 520 | _aA strange and wonderful woman arrives in a mountain village with an iguana at her side, her hair so glorius it outshines the sun. Who is this beautiful woman. | ||
| 650 | _aFolktales. | ||
| 650 | _aChildrens stories. | ||
| 999 |
_c113775 _d113775 |
||